[Event "Titled Tuesday intern op 23rd Apr Late"]
[Site "Chess.com INT"]
[Date "2024.04.23"]
[Round "3"]
[White "Dubnevych, Maksym"]
[Black "Holt, Conrad"]
[Result "0-1"]
[WhiteElo "2293"]
[BlackElo "2540"]
[PlyCount "102"]
[EventDate "2024.04.23"]
[EventType "swiss (blitz)"]
[EventRounds "11"]
[EventCountry "USA"]
[SourceTitle "CB18_2024"]
[SourceDate "2024.05.01"]
[SourceVersion "1"]
[SourceVersionDate "2024.05.01"]
[SourceQuality "2"]

1. d4 d5 2. c4 c6 3. Nc3 dxc4 4. e3 b5 5. a4 b4 6. Ne4 Qd5 7. Nd2 c3 8. bxc3 bxc3 9. Nb1 Qa5 10. Qc2 e6 11. Nxc3 Nf6 12. Bd3 Na6 13. Bc4 Nb4 14. Qd2 Ba6 15. Bxa6 Qxa6 16. Nge2 Nd3+ 17. Kf1 Bb4 18. Ba3 Ne4 19. Nxe4 Bxd2 20. Nxd2 c5 21. dxc5 0-0 22. g3 Nxc5 23. Bxc5 Qc6 24. Bxf8 Qxh1+ 25. Ng1 Rxf8 26. Ndf3 e5 27. e4 f5 28. Re1 fxe4 29. Ng5 Qxh2 30. Nxe4 h6 31. Re3 Qh5 32. Kg2 Qd1 33. Nc3 Qc2 34. Nf3 e4 35. Nxe4 Qxa4 36. Nc5 Qc6 37. Ne6 Re8 38. Ned4 Qd7 39. Ra3 Ra8 40. Ra6 Qb7 41. Ra5 a6 42. Kg1 Qb6 43. Ra3 a5 44. Nc2 a4 45. Nfe1 Qb5 46. Kg2 Re8 47. Kg1 Qc4 48. Kg2 Qe4+ 49. Kg1 Rb8 50. f3 Qc4 51. Kf2 Rb2 0-1

[Event "Titled Tuesday intern op 23rd Apr Late"]
[Site "Chess.com INT"]
[Date "2024.04.23"]
[Round "1"]
[White "Dubnevych, Maksym"]
[Black "Kavyev, Ruslan"]
[Result "1-0"]
[WhiteElo "2293"]
[BlackElo "2286"]
[PlyCount "95"]
[EventDate "2024.04.23"]
[EventType "swiss (blitz)"]
[EventRounds "11"]
[EventCountry "USA"]
[SourceTitle "CB18_2024"]
[SourceDate "2024.05.01"]
[SourceVersion "1"]
[SourceVersionDate "2024.05.01"]
[SourceQuality "2"]

1. Nc3 d5 2. e4 dxe4 3. Nxe4 c6 4. d4 Nf6 5. Nxf6+ exf6 6. Be3 Bd6 7. Bd3 h5 8. Qd2 Be6 9. a3 Nd7 10. Ne2 0-0 11. h3 b5 12. 0-0 Nb6 13. Bf4 Nc4 14. Qc1 Bxf4 15. Nxf4 Qxd4 16. c3 Qc5 17. b4 Qg5 18. Nxe6 Qxc1 19. Raxc1 fxe6 20. Bxc4 bxc4 21. Rfe1 Kf7 22. Re4 Rfd8 23. Rxc4 Rd6 24. Rc5 Rad8 25. Rxh5 Rd2 26. Rc5 Ra2 27. Rxc6 Rdd2 28. Rf1 Rxa3 29. b5 Rc2 30. c4 Rac3 31. Rc7+ Kg6 32. Rxa7 Rxc4 33. Rb1 Rc1+ 34. Rxc1 Rxc1+ 35. Kh2 Rb1 36. Rb7 e5 37. Kg3 Kf5 38. f3 Rb2 39. h4 g5 40. h5 Rb3 41. h6 g4 42. h7 gxf3 43. gxf3 e4 44. h8Q Rxf3+ 45. Kg2 Rf4 46. Qh5+ Ke6 47. Rb6+ Ke7 48. Qc5+ 1-0

[Event "Titled Tuesday intern op 16th Apr Early"]
[Site "Chess.com INT"]
[Date "2024.04.16"]
[Round "9"]
[White "Baches Garcia, Guillermo"]
[Black "Dubnevych, Maksym"]
[Result "1-0"]
[WhiteElo "2322"]
[BlackElo "2293"]
[PlyCount "115"]
[EventDate "2024.04.16"]
[EventType "swiss (blitz)"]
[EventRounds "11"]
[EventCountry "USA"]
[SourceTitle "CB17_2024"]
[SourceDate "2024.04.24"]
[SourceVersion "1"]
[SourceVersionDate "2024.04.24"]
[SourceQuality "1"]

1. d4 Nf6 2. Nf3 e6 3. Bg5 d5 4. Nbd2 c5 5. e3 Qb6 6. Rb1 Ne4 7. Bh4 Nxd2 8. Qxd2 Nc6 9. c3 h6 10. Bd3 Be7 11. Bxe7 Nxe7 12. 0-0 Bd7 13. Ne5 Bb5 14. f4 0-0 15. Rf3 f6 16. Ng6 Nxg6 17. Bxg6 f5 18. Rg3 Rf6 19. Re1 Rc8 20. a3 e5 21. Bh5 exd4 22. exd4 cxd4 23. cxd4 Rc4 24. Rd1 Ba4 25. b3 Bxb3 26. Rb1 Rxd4 27. Qf2 Rxf4 28. Qxb6 Rxb6 29. Rgxb3 Rxb3 30. Rxb3 b6 31. Rd3 Ra4 32. Rxd5 Rxa3 33. Bg6 Kf8 34. Re5 Ra1+ 35. Kf2 Ra2+ 36. Kf1 Ra1+ 37. Kf2 Ra2+ 38. Kg3 Ra3+ 39. Kf4 Ra4+ 40. Kxf5 Ra5 41. Rxa5 bxa5 42. Ke6 a4 43. Bb1 a3 44. Ba2 Kg8 45. Ke7+ Kh7 46. g4 Kg6 47. h4 h5 48. g5 Kf5 49. Kf7 Kg4 50. Kxg7 Kxh4 51. Kf6 Kg4 52. g6 Kf4 53. g7 Ke3 54. g8Q Kd2 55. Qg2+ Kc3 56. Qh2 Kb4 57. Kg5 a5 58. Kxh5 1-0

[Event "Titled Tuesday intern op 16th Apr Late"]
[Site "Chess.com INT"]
[Date "2024.04.16"]
[Round "4"]
[White "Dubnevych, Maksym"]
[Black "Deviprasath, Sharvesh"]
[Result "1-0"]
[WhiteElo "2293"]
[BlackElo "2381"]
[PlyCount "57"]
[EventDate "2024.04.16"]
[EventType "swiss (blitz)"]
[EventRounds "11"]
[EventCountry "USA"]
[SourceTitle "CB17_2024"]
[SourceDate "2024.04.24"]
[SourceVersion "1"]
[SourceVersionDate "2024.04.24"]
[SourceQuality "1"]

1. Nc3 e6 2. e4 d5 3. d4 Bb4 4. exd5 exd5 5. Bd3 Ne7 6. Nge2 Nbc6 7. 0-0 Bg4 8. f3 Bh5 9. Nf4 Bg6 10. Nxg6 hxg6 11. Ne2 Bd6 12. Bf4 Bxf4 13. Nxf4 Qd6 14. g3 Nxd4 15. Bxg6 Qb6 16. Bxf7+ Kxf7 17. Kg2 Qxb2 18. Rf2 c6 19. Rb1 Qc3 20. Rd2 Nxf3 21. Rd3 Rxh2+ 22. Kxf3 Qxc2 23. Qe1 g5 24. Qe6+ Ke8 25. Rxb7 Rh7 26. Re3 Qd1+ 27. Re2 Qf1+ 28. Kg4 Rh4+ 29. Kxg5 1-0

[Event "Titled Tuesday intern op 16th Apr Late"]
[Site "Chess.com INT"]
[Date "2024.04.16"]
[Round "6"]
[White "Dubnevych, Maksym"]
[Black "Rietze, Clemens"]
[Result "1-0"]
[WhiteElo "2293"]
[BlackElo "2367"]
[PlyCount "65"]
[EventDate "2024.04.16"]
[EventType "swiss (blitz)"]
[EventRounds "11"]
[EventCountry "USA"]
[SourceTitle "CB17_2024"]
[SourceDate "2024.04.24"]
[SourceVersion "1"]
[SourceVersionDate "2024.04.24"]
[SourceQuality "1"]

1. d4 d5 2. c4 e6 3. Nf3 c5 4. cxd5 exd5 5. Nc3 Nf6 6. Bf4 Nc6 7. e3 a6 8. Rc1 c4 9. Be2 Bb4 10. 0-0 0-0 11. Bg5 Be6 12. Ne5 h6 13. Nxc6 bxc6 14. Bh4 Bxc3 15. Rxc3 g5 16. Bg3 Ne4 17. Rc1 Nxg3 18. hxg3 Qa5 19. b3 Qxa2 20. bxc4 dxc4 21. Bf3 Rac8 22. Be4 Rfd8 23. Qh5 Kg7 24. f4 Qd2 25. Rce1 gxf4 26. Re2 Qb4 27. Rxf4 Qe7 28. Ref2 Rf8 29. Qe5+ Kg8 30. Rg4+ Bxg4 31. Qxe7 Rce8 32. Bh7+ Kxh7 33. Rxf7+ 1-0

[Event "Titled Tuesday intern op 16th Apr Early"]
[Site "Chess.com INT"]
[Date "2024.04.16"]
[Round "7"]
[White "Dubnevych, Maksym"]
[Black "Tikhonov, Viacheslav"]
[Result "1-0"]
[WhiteElo "2293"]
[BlackElo "2160"]
[PlyCount "117"]
[EventDate "2024.04.16"]
[EventType "swiss (blitz)"]
[EventRounds "11"]
[EventCountry "USA"]
[SourceTitle "CB17_2024"]
[SourceDate "2024.04.24"]
[SourceVersion "1"]
[SourceVersionDate "2024.04.24"]
[SourceQuality "1"]

1. d4 Nf6 2. c4 g6 3. Nf3 Bg7 4. Nc3 d5 5. cxd5 Nxd5 6. e4 Nxc3 7. bxc3 c5 8. Bb5+ Nc6 9. 0-0 0-0 10. Be3 cxd4 11. cxd4 a6 12. Bxc6 bxc6 13. Qa4 Qd6 14. Rac1 Bd7 15. Rc5 Rfb8 16. Qc2 Rb5 17. Rc4 Rab8 18. Qa4 a5 19. Rfc1 h6 20. h3 Kh7 21. g3 g5 22. h4 Qg6 23. Qc2 g4 24. Ne1 Rb2 25. Qd3 Qf6 26. Ng2 R8b4 27. Nf4 Qd6 28. e5+ Qg6 29. Nxg6 fxg6 30. Rxb4 axb4 31. Qc4 Bf5 32. Qxc6 Rxa2 33. Qc5 b3 34. Qc4 Bc2 35. Rxc2 Rxc2 36. Qxb3 Rc6 37. Qd5 Rc7 38. Qe6 Rb7 39. d5 Bf8 40. h5 gxh5 41. Qf7+ Bg7 42. d6 Rb1+ 43. Kg2 exd6 44. Qf5+ Kh8 45. Qxb1 dxe5 46. Qg6 h4 47. Bxh6 h3+ 48. Kh2 Bxh6 49. Qxh6+ Kg8 50. Qg6+ Kh8 51. Qxg4 e4 52. Kxh3 e3 53. fxe3 Kh7 54. Kg2 Kh6 55. Kf3 Kh7 56. Kf4 Kh6 57. Kf5 Kh7 58. Kf6 Kh6 59. Qh3# 1-0

[Event "Titled Tuesday intern op 16th Apr Late"]
[Site "Chess.com INT"]
[Date "2024.04.16"]
[Round "11"]
[White "Dubnevych, Maksym"]
[Black "Yedidia, Jonathan"]
[Result "0-1"]
[WhiteElo "2293"]
[BlackElo "2361"]
[PlyCount "50"]
[EventDate "2024.04.16"]
[EventType "swiss (blitz)"]
[EventRounds "11"]
[EventCountry "USA"]
[SourceTitle "CB17_2024"]
[SourceDate "2024.04.24"]
[SourceVersion "1"]
[SourceVersionDate "2024.04.24"]
[SourceQuality "1"]

1. d4 d6 2. Nc3 Nf6 3. e4 e5 4. dxe5 dxe5 5. Qxd8+ Kxd8 6. Nf3 Bd6 7. Bg5 Be6 8. 0-0-0 Nbd7 9. Nb5 Ke7 10. Nh4 h6 11. Bxf6+ Nxf6 12. Nxd6 cxd6 13. Bd3 g6 14. g3 Rac8 15. Rhe1 Bxa2 16. f4 Bc4 17. fxe5 dxe5 18. Nf3 Ke6 19. Re3 Bxd3 20. Rexd3 Nxe4 21. Rd5 f6 22. Rd7 Nc5 23. R1d6+ Kf5 24. Rf7 Ne4 25. h3 Nxd6 0-1

[Event "Titled Tuesday intern op 16th Apr Late"]
[Site "Chess.com INT"]
[Date "2024.04.16"]
[Round "10"]
[White "Rodriguez, Santiago"]
[Black "Dubnevych, Maksym"]
[Result "1-0"]
[WhiteElo "2252"]
[BlackElo "2293"]
[PlyCount "94"]
[EventDate "2024.04.16"]
[EventType "swiss (blitz)"]
[EventRounds "11"]
[EventCountry "USA"]
[SourceTitle "CB17_2024"]
[SourceDate "2024.04.24"]
[SourceVersion "1"]
[SourceVersionDate "2024.04.24"]
[SourceQuality "1"]

1. d4 Nf6 2. Bg5 c5 3. d5 Ne4 4. Bc1 e6 5. c4 Qf6 6. Nf3 Na6 7. e3 Be7 8. Bd3 Nd6 9. Nc3 Nc7 10. e4 e5 11. Bg5 Qg6 12. Bxe7 Kxe7 13. 0-0 f6 14. a3 Rf8 15. b4 Na6 16. Nb5 cxb4 17. Nxd6 Kxd6 18. Nh4 Qf7 19. axb4 Nxb4 20. Nf5+ Kc7 21. c5 g6 22. Nd6 Qe7 23. Qb3 Nxd3 24. Qxd3 Kd8 25. Rfb1 b6 26. Nxc8 Rxc8 27. cxb6 axb6 28. Rxb6 Qc5 29. Rbb1 Ke7 30. g3 Rc7 31. Kg2 d6 32. Ra6 Rfc8 33. Rbb6 Rd7 34. Rc6 Rxc6 35. Rxc6 Qb4 36. h4 Ra7 37. Qe3 Ra4 38. Rc7+ Kd8 39. Rxh7 Qxe4+ 40. Qxe4 Rxe4 41. Rf7 f5 42. Rf6 Kd7 43. Rxg6 Rd4 44. h5 Ra4 45. h6 Ra8 46. h7 Rh8 47. Rg7+ Ke8 1-0

[Event "Titled Tuesday intern op 02nd Apr Early"]
[Site "Chess.com INT"]
[Date "2024.04.02"]
[Round "8"]
[White "Dubnevych, Maksym"]
[Black "Bluebaum, Matthias"]
[Result "0-1"]
[WhiteElo "2293"]
[BlackElo "2649"]
[PlyCount "90"]
[EventDate "2024.04.02"]
[EventType "swiss (blitz)"]
[EventRounds "11"]
[EventCountry "USA"]
[SourceTitle "CB15_2024"]
[SourceDate "2024.04.10"]
[SourceVersion "1"]
[SourceVersionDate "2024.04.10"]
[SourceQuality "1"]

1. Nc3 d5 2. e4 e6 3. d4 Nf6 4. e5 Nfd7 5. Nce2 c5 6. c3 Nc6 7. f4 Be7 8. Nf3 0-0 9. g3 b5 10. Bg2 a5 11. 0-0 b4 12. g4 f6 13. f5 fxe5 14. fxe6 Nf6 15. Nxe5 Nxe5 16. dxe5 Nxg4 17. Rxf8+ Qxf8 18. Nf4 Bxe6 19. h3 Nf2 20. Kxf2 g5 21. Bxd5 Bxd5 22. Qxd5+ Kh8 23. e6 gxf4 24. Qe5+ Bf6 25. Qe4 Bg5 26. Qe5+ Bf6 27. Qe4 bxc3 28. bxc3 Bxc3 29. Rb1 Re8 30. Rb7 Bd4+ 31. Kf3 Qh6 32. Bxf4 Qxh3+ 33. Ke2 Rxe6 34. Rxh7+ Kg8 35. Rxh3 Rxe4+ 36. Kf3 Re1 37. Rh2 a4 38. Rc2 Kf7 39. Bc1 Ke6 40. Bd2 Rh1 41. Ke4 Rh4+ 42. Kd3 Kd5 43. Rc1 c4+ 44. Kc2 Rh2 45. Re1 c3 0-1

[Event "Titled Tuesday intern op 02nd Apr Early"]
[Site "Chess.com INT"]
[Date "2024.04.02"]
[Round "4"]
[White "Dubnevych, Maksym"]
[Black "Ezat, Mohamed Mahmoud"]
[Result "1-0"]
[WhiteElo "2293"]
[BlackElo "2349"]
[PlyCount "67"]
[EventDate "2024.04.02"]
[EventType "swiss (blitz)"]
[EventRounds "11"]
[EventCountry "USA"]
[SourceTitle "CB15_2024"]
[SourceDate "2024.04.10"]
[SourceVersion "1"]
[SourceVersionDate "2024.04.10"]
[SourceQuality "1"]

1. Nc3 d5 2. e4 c6 3. d4 dxe4 4. Nxe4 Bf5 5. Ng3 Bg6 6. h4 h6 7. Nf3 Nd7 8. h5 Bh7 9. Bd3 Bxd3 10. Qxd3 e6 11. Bd2 Ngf6 12. 0-0-0 Be7 13. Kb1 c5 14. Ne4 Nxe4 15. Qxe4 Nf6 16. Qe2 cxd4 17. Bc3 0-0 18. Bxd4 Qc7 19. g4 Nd5 20. g5 Bxg5 21. Nxg5 hxg5 22. h6 f6 23. hxg7 Qxg7 24. Qxe6+ Qf7 25. Qh3 Qg7 26. Rdg1 Nf4 27. Qb3+ Rf7 28. Be3 Ng6 29. Rd1 Ne5 30. f4 Ng4 31. Bd4 gxf4 32. Rdg1 Re8 33. Qf3 Rfe7 34. a3 1-0

[Event "Titled Tuesday intern op 02nd Apr Late"]
[Site "Chess.com INT"]
[Date "2024.04.02"]
[Round "2"]
[White "Dubnevych, Maksym"]
[Black "Stalmach, Richard"]
[Result "0-1"]
[WhiteElo "2293"]
[BlackElo "2446"]
[PlyCount "104"]
[EventDate "2024.04.02"]
[EventType "swiss (blitz)"]
[EventRounds "11"]
[EventCountry "USA"]
[SourceTitle "CB15_2024"]
[SourceDate "2024.04.10"]
[SourceVersion "1"]
[SourceVersionDate "2024.04.10"]
[SourceQuality "1"]

1. Nc3 Nf6 2. e4 d6 3. d4 Nbd7 4. Nf3 g6 5. e5 Nh5 6. Be2 c5 7. exd6 exd6 8. 0-0 Bg7 9. Nb5 0-0 10. Nxd6 Qc7 11. Nb5 Qb6 12. dxc5 Nxc5 13. Qd6 Qxd6 14. Nxd6 Rd8 15. Nxc8 Raxc8 16. c3 a5 17. Be3 Na4 18. Rab1 Nf6 19. Bb5 Nc5 20. Rbd1 Nd5 21. Bd4 Bxd4 22. Nxd4 Ne4 23. Ne2 Nc7 24. Bd3 Nc5 25. Bc2 b5 26. Nd4 b4 27. cxb4 axb4 28. Nc6 Re8 29. Nxb4 N7e6 30. Nd5 Kg7 31. Ne3 Rb8 32. b3 Nf4 33. Rfe1 Nce6 34. g3 Nh3+ 35. Kg2 Nhg5 36. h4 Nf4+ 37. gxf4 Ne6 38. f5 Nf4+ 39. Kg3 Nh5+ 40. Kh2 Ra8 41. a4 Rab8 42. a5 Rb5 43. a6 Ra8 44. Ra1 Rb4 45. Nc4 Nf6 46. fxg6 hxg6 47. Re7 Rb5 48. a7 Rh5 49. Kg3 g5 50. hxg5 Rxg5+ 51. Kh2 Rh8+ 52. Bh7 Rxh7# 0-1

[Event "Lvov Ukrainian Chess Warriors"]
[Site "Lvov"]
[Date "2024.03.15"]
[Round "5"]
[White "Grinev, Valeriy"]
[Black "Dubnevych, Maksym"]
[Result "0-1"]
[WhiteElo "2422"]
[BlackElo "2293"]
[PlyCount "66"]
[EventDate "2024.03.15"]
[EventType "swiss (rapid)"]
[EventRounds "8"]
[EventCountry "UKR"]
[SourceTitle "CB12_2024"]
[SourceDate "2023.10.01"]
[SourceVersion "1"]
[SourceVersionDate "2023.10.01"]
[SourceQuality "1"]

1. d4 Nf6 2. c4 e6 3. Nc3 d5 4. cxd5 exd5 5. Bg5 c6 6. e3 h6 7. Bh4 a5 8. Bd3 Na6 9. a3 Nc7 10. Nge2 Bd6 11. Qc2 0-0 12. h3 Ne6 13. 0-0 Re8 14. f3 Ng5 15. f4 Nxh3+ 16. gxh3 Rxe3 17. Ng3 g5 18. Nd1 Rxd3 19. Qxd3 gxh4 20. Nf5 Bxf5 21. Qxf5 Ne4 22. Ne3 Ng3 23. Qg4+ Kh8 24. Nf5 Qf6 25. Nxd6 Rg8 26. Nxf7+ Qxf7 27. Qf3 Nxf1+ 28. Kxf1 Rg3 29. Qf2 Qf5 30. Rd1 Qxh3+ 31. Ke1 Rg2 32. Rd3 Qh1+ 33. Qf1 Rg1 0-1

[Event "Titled Tuesday intern op 12th Mar Late"]
[Site "Chess.com INT"]
[Date "2024.03.12"]
[Round "4"]
[White "Dubnevych, Maksym"]
[Black "Skotheim, Andreas"]
[Result "1-0"]
[WhiteElo "2293"]
[BlackElo "2214"]
[PlyCount "63"]
[EventDate "2024.03.12"]
[EventType "swiss (blitz)"]
[EventRounds "11"]
[EventCountry "USA"]
[SourceTitle "CB12_2024"]
[SourceDate "2023.10.01"]
[SourceVersion "1"]
[SourceVersionDate "2023.10.01"]
[SourceQuality "1"]

1. Nc3 c5 2. Nf3 Nc6 3. d4 cxd4 4. Nxd4 d5 5. g3 Nf6 6. Bg2 e5 7. Nb3 h6 8. 0-0 Be7 9. Nxd5 Nxd5 10. Qxd5 Qc7 11. c3 0-0 12. Be3 Bg4 13. Rfe1 Kh8 14. Bc5 Rad8 15. Qe4 f5 16. Qa4 f4 17. e3 Bd7 18. Qa3 Bxc5 19. Nxc5 Bc8 20. exf4 exf4 21. Rad1 Rxd1 22. Rxd1 Ne5 23. Ne6 Bxe6 24. Qxf8+ Kh7 25. Qxf4 Qc5 26. Be4+ Ng6 27. Qe3 Qh5 28. Rd6 Bf5 29. Bf3 Qh3 30. Bg2 Qh5 31. Rd5 Qg4 32. h3 1-0

[Event "Titled Tuesday intern op 12th Mar Late"]
[Site "Chess.com INT"]
[Date "2024.03.12"]
[Round "3"]
[White "Nigalidze, Gaioz"]
[Black "Dubnevych, Maksym"]
[Result "0-1"]
[WhiteElo "2373"]
[BlackElo "2293"]
[PlyCount "88"]
[EventDate "2024.03.12"]
[EventType "swiss (blitz)"]
[EventRounds "11"]
[EventCountry "USA"]
[SourceTitle "CB12_2024"]
[SourceDate "2023.10.01"]
[SourceVersion "1"]
[SourceVersionDate "2023.10.01"]
[SourceQuality "1"]

1. e4 e5 2. Nf3 Nc6 3. Bb5 a6 4. Ba4 Nge7 5. d4 exd4 6. Bxc6 dxc6 7. Qxd4 Qxd4 8. Nxd4 Ng6 9. 0-0 Bd7 10. Nc3 0-0-0 11. Bg5 f6 12. Be3 Ne5 13. Bf4 Bd6 14. Bg3 Rhe8 15. Rad1 Bb4 16. Nce2 Nc4 17. b3 Nd2 18. a3 Nxf1 19. axb4 Nxg3 20. Nxg3 Be6 21. Nge2 a5 22. Ra1 axb4 23. f3 c5 24. Nxe6 Rxe6 25. Kf2 Ra6 26. Rc1 b5 27. Ke3 Ra3 28. Rb1 c4 29. Nd4 cxb3 30. cxb3 Ra2 31. Nxb5 Rxg2 32. Rc1 Rd7 33. Rc4 Rxh2 34. Rxb4 c6 35. Rc4 Kb7 36. Nd4 Rb2 37. Kf4 Rd6 38. Rb4+ Kc7 39. Rc4 Kd7 40. Nf5 g5+ 41. Kg4 Rd1 42. Ne3 Rg1+ 43. Kf5 Rxb3 44. Rd4+ Ke7 0-1

[Event "Titled Tuesday intern op 12th Mar Late"]
[Site "Chess.com INT"]
[Date "2024.03.12"]
[Round "7"]
[White "Tikhonov, Viacheslav"]
[Black "Dubnevych, Maksym"]
[Result "0-1"]
[WhiteElo "2160"]
[BlackElo "2293"]
[PlyCount "62"]
[EventDate "2024.03.12"]
[EventType "swiss (blitz)"]
[EventRounds "11"]
[EventCountry "USA"]
[SourceTitle "CB12_2024"]
[SourceDate "2023.10.01"]
[SourceVersion "1"]
[SourceVersionDate "2023.10.01"]
[SourceQuality "1"]

1. e4 e5 2. Nf3 Nc6 3. Bc4 Nf6 4. Ng5 d5 5. exd5 Na5 6. Bb5+ c6 7. dxc6 bxc6 8. Be2 Nd5 9. d4 h6 10. Nf3 e4 11. Ne5 Bd6 12. 0-0 0-0 13. c4 Nf6 14. Nc3 Re8 15. Qa4 Rb8 16. c5 Bc7 17. b4 Qxd4 18. Nxc6 Nxc6 19. Qxc6 Qxc3 20. Qxc7 Rb7 21. Qc6 Qxa1 22. Bg5 Qxf1+ 23. Bxf1 hxg5 24. b5 Rd7 25. g3 Rd1 26. Kg2 Bg4 27. b6 Bf3+ 28. Kh3 g4+ 29. Kh4 Re5 30. Qc8+ Kh7 31. Qxg4 Bxg4 0-1

[Event "Titled Tuesday intern op 12th Mar Late"]
[Site "Chess.com INT"]
[Date "2024.03.12"]
[Round "10"]
[White "Zhigalko, Sergei"]
[Black "Dubnevych, Maksym"]
[Result "1-0"]
[WhiteElo "2572"]
[BlackElo "2293"]
[PlyCount "59"]
[EventDate "2024.03.12"]
[EventType "swiss (blitz)"]
[EventRounds "11"]
[EventCountry "USA"]
[SourceTitle "CB12_2024"]
[SourceDate "2023.10.01"]
[SourceVersion "1"]
[SourceVersionDate "2023.10.01"]
[SourceQuality "1"]

1. e4 c5 2. Nf3 e6 3. c3 d5 4. exd5 exd5 5. d4 Nf6 6. Bb5+ Bd7 7. Bxd7+ Nbxd7 8. 0-0 cxd4 9. Nxd4 Be7 10. Nf5 0-0 11. Bg5 Re8 12. Nd2 Bf8 13. Nf3 Qb6 14. Qb3 Qc7 15. Rad1 Nc5 16. Qc2 Nce4 17. Ne3 Rad8 18. Bh4 Bc5 19. Rfe1 Bb6 20. Nf5 Qc8 21. N3d4 g6 22. Bxf6 Nxf6 23. Ne7+ Rxe7 24. Rxe7 Kf8 25. Re2 Qg4 26. f3 Qf4 27. Qd2 Qd6 28. Kh1 Kg7 29. Qg5 Nh5 30. Nf5+ 1-0

[Event "Titled Tuesday intern op 06th Feb Early"]
[Site "Chess.com INT"]
[Date "2024.02.06"]
[Round "4"]
[White "Dubnevych, Maksym"]
[Black "Kulon, Klaudia"]
[Result "1-0"]
[WhiteElo "2293"]
[BlackElo "2327"]
[PlyCount "29"]
[EventDate "2024.02.06"]
[EventType "swiss (blitz)"]
[EventRounds "11"]
[EventCountry "USA"]
[SourceTitle "CB07_2024"]
[SourceDate "2024.02.14"]
[SourceVersion "1"]
[SourceVersionDate "2024.02.14"]
[SourceQuality "1"]

1. d4 Nf6 2. Nc3 d5 3. Bf4 g6 4. e3 Bg7 5. h4 0-0 6. h5 Nxh5 7. Rxh5 gxh5 8. Qxh5 f5 9. Nf3 e6 10. Bd3 b6 11. 0-0-0 c5 12. Rh1 c4 13. Qxh7+ Kf7 14. Ne5+ Ke8 15. Qg6+ 1-0

[Event "Titled Tuesday intern op 06th Feb Late"]
[Site "Chess.com INT"]
[Date "2024.02.06"]
[Round "8"]
[White "Mikaelyan, Arman"]
[Black "Dubnevych, Maksym"]
[Result "1-0"]
[WhiteElo "2508"]
[BlackElo "2293"]
[PlyCount "137"]
[EventDate "2024.02.06"]
[EventType "swiss (blitz)"]
[EventRounds "11"]
[EventCountry "USA"]
[SourceTitle "CB07_2024"]
[SourceDate "2024.02.14"]
[SourceVersion "1"]
[SourceVersionDate "2024.02.14"]
[SourceQuality "1"]

1. d4 Nf6 2. Nf3 e6 3. c4 d5 4. Nc3 c5 5. e3 cxd4 6. exd4 Nc6 7. cxd5 exd5 8. Bd3 Bg4 9. 0-0 Be7 10. h3 Bxf3 11. Qxf3 Nxd4 12. Qg3 Ne6 13. Bb5+ Kf8 14. Rd1 d4 15. Bc4 Bd6 16. Qf3 Qc8 17. Bb3 Be5 18. Ne4 Nxe4 19. Qxe4 Bf6 20. Bd2 g6 21. Rac1 Qd7 22. Bxe6 fxe6 23. Bf4 Rc8 24. Be5 Bxe5 25. Rxc8+ Qxc8 26. Qxe5 Kf7 27. Rxd4 Rd8 28. Rf4+ Kg8 29. Qf6 Qd7 30. Kh2 Re8 31. Qe5 Qe7 32. Rf3 Qg7 33. Qxg7+ Kxg7 34. Rb3 Re7 35. Kg3 Kf6 36. Kf4 e5+ 37. Ke4 Rd7 38. Rb5 Rd4+ 39. Ke3 b6 40. Rb3 Ke6 41. Ra3 Rd7 42. Rc3 Kf5 43. g3 h5 44. f3 Ke6 45. g4 hxg4 46. hxg4 Kf6 47. Rc6+ Kg5 48. Re6 Rd5 49. b3 Ra5 50. a4 Kh4 51. Rxg6 Rc5 52. Rd6 Rc3+ 53. Ke4 Rxb3 54. Kxe5 Rxf3 55. Rd4 Kg5 56. Kd5 Re3 57. Kc6 Ra3 58. Kb7 Kf6 59. Ka6 Ra2 60. Rb4 Kg5 61. Kxa7 Kf6 62. Kxb6 Ke5 63. a5 Kd6 64. a6 Kd7 65. Kb7 Ra5 66. a7 Rc5 67. a8Q Rc7+ 68. Ka6 Rc8 69. Qxc8+ 1-0